[Event "DSOL 2021"]
[Site "Germany"]
[Date "2021.02.24"]
[Round "4.3"]
[White "Charmeteau, Sven"]
[Black "Adamowicz, Katarzyna"]
[Result "1-0"]
[WhiteElo "2346"]
[BlackElo "2082"]
[Annotator "TA"]
[PlyCount "69"]
[EventDate "2021.01.18"]
[EventType "team-tourn"]
[EventCountry "GER"]
[SourceTitle "playchess.com"]
[Source "ChessBase"]
[SourceQuality "1"]

1. e4 d6 2. d4 Nf6 3. Nc3 Nbd7 4. Nf3 e5 5. Bc4 Be7 6. O-O c6 7. a4 Qc7 8. Re1 h6 9. b3 g5 10. Ba3 Nf8 11. Ne2 g4 12. Nd2 Ng6 13. c3 h5 14. f4 gxf3 15. Nxf3 Nxe4 16. Bd3 f5 17. dxe5 d5 18. Bd6 Bxd6 19. exd6 Qxd6 20. Ng3 Be6 21. Bxe4 fxe4 22. Nxe4 Qe7 23. Neg5 Nf8 24. Nxe6 Nxe6 25. Nd4 Rh6 26. Nf5 Qc5+ 27. Kh1 Rf6 28. Qxh5+ Kd7 29. Qh7+ Kc8 30. Ne7+ Kb8 31. Ng8 Rf8 32. Rxe6 Qxc3 33. Rae1 a6 34. Ne7 Rh8 35. Nxc6+ 1-0

[Event "DSOL 2021"]
[Site "Germany"]
[Date "2021.02.22"]
[Round "4.3"]
[White "Voleske, Peter"]
[Black "Sidon, Mike"]
[Result "1/2-1/2"]
[WhiteElo "2308"]
[BlackElo "1998"]
[Annotator "TA"]
[PlyCount "72"]
[EventDate "2021.01.18"]
[EventType "team-tourn"]
[EventCountry "GER"]
[SourceTitle "playchess.com"]
[Source "ChessBase"]
[SourceQuality "1"]

1. d4 d5 2. c4 dxc4 3. Nf3 Nf6 4. e3 Bg4 5. Bxc4 e6 6. O-O a6 7. Nc3 Nc6 8. a3 Bd6 9. h3 Bh5 10. Be2 O-O 11. b4 Qe8 12. Bb2 Rd8 13. Qb3 e5 14. Nxe5 Nxe5 15. dxe5 Qxe5 16. g3 Bxe2 17. Nxe2 Qf5 18. Bxf6 Qxf6 19. Rad1 Rfe8 20. Rd4 Qf3 21. Nf4 Bxf4 22. Rxf4 Qd5 23. Qxd5 Rxd5 24. Rc1 c6 25. Rfc4 Red8 26. Rc5 Kf8 27. Rxd5 Rxd5 28. Rc3 Ke7 29. Kg2 Kd6 30. e4 Rd1 31. f4 f6 32. Kf3 Ke6 33. Kg4 Re1 34. Kf3 Rd1 35. Kg4 Re1 36. Kf3 Rd1 1/2-1/2

[Event "DSOL 2021"]
[Site "Germany"]
[Date "2021.02.25"]
[Round "4.3"]
[White "Schmidt, Jan-Peter"]
[Black "Otto, Andreas"]
[Result "1-0"]
[WhiteElo "2257"]
[BlackElo "2108"]
[Annotator "TA"]
[PlyCount "91"]
[EventDate "2021.01.18"]
[EventType "team-tourn"]
[EventCountry "GER"]
[SourceTitle "playchess.com"]
[Source "ChessBase"]
[SourceQuality "1"]

1. Nf3 Nf6 2. c4 g6 3. g3 Bg7 4. Bg2 O-O 5. d4 c6 6. Nc3 d5 7. cxd5 cxd5 8. Ne5 Nc6 9. O-O e6 10. Nxc6 bxc6 11. Bf4 Qe7 12. Rc1 Nd7 13. e4 Nb6 14. exd5 exd5 15. b3 Qb4 16. Be3 Bd7 17. Ne2 Qe7 18. Nf4 Rfc8 19. Nd3 a5 20. Re1 Qf8 21. Nc5 Bf5 22. g4 Be6 23. h3 Ra7 24. Bf4 Bd7 25. Qd2 a4 26. Qb4 Qd8 27. bxa4 Nc4 28. Rxc4 dxc4 29. Qxc4 Be8 30. Be5 Re7 31. Re3 Qa5 32. Nb3 Qd8 33. a5 Bxe5 34. dxe5 c5 35. a6 Qb6 36. Bb7 Rxb7 37. axb7 Qxb7 38. e6 fxe6 39. Nxc5 Qb1+ 40. Kh2 Qb8+ 41. f4 Bf7 42. Re5 Qb2+ 43. Kg3 Ra8 44. a4 Qb1 45. Qe4 Rd8 46. Qxb1 1-0

[Event "DSOL 2021"]
[Site "Germany"]
[Date "2021.02.23"]
[Round "4.3"]
[White "Ramirez Marin, Ivan"]
[Black "Schimnatkowski, Lukas"]
[Result "1/2-1/2"]
[WhiteElo "2227"]
[BlackElo "2173"]
[Annotator "ChessBase"]
[PlyCount "75"]
[EventDate "2021.01.18"]
[EventType "team-tourn"]
[EventCountry "GER"]
[SourceTitle "playchess.com"]
[Source "ChessBase"]
[SourceQuality "1"]

1. c4 c5 2. Nf3 Nf6 3. Nc3 d5 4. cxd5 Nxd5 5. e3 Nxc3 6. dxc3 Qxd1+ 7. Kxd1 Bf5 8. Bb5+ Nd7 9. Nh4 Be6 10. e4 O-O-O 11. Kc2 a6 12. Be2 Nf6 13. f3 Bd7 14. g3 e6 15. Ng2 Bc6 16. Rg1 Rg8 17. h4 Bd6 18. Bf4 Bxf4 19. Nxf4 h6 20. Nd3 Bb5 21. Rae1 Bxd3+ 22. Bxd3 g5 23. e5 Nd5 24. h5 Kc7 25. a3 Rd7 26. Be4 b5 27. Re2 c4 28. Rd1 Rgd8 29. Rd4 Kb6 30. b3 cxb3+ 31. Kxb3 Kc5 32. Red2 Nb6 33. Rxd7 Rxd7 34. Rxd7 Nxd7 35. f4 gxf4 36. gxf4 f6 37. Bb7 fxe5 38. fxe5 1/2-1/2

[Event "DSOL 2021"]
[Site "Germany"]
[Date "2021.02.24"]
[Round "4.3"]
[White "Schulze, Marc"]
[Black "Enzmann, Steffen"]
[Result "1/2-1/2"]
[WhiteElo "2222"]
[BlackElo "2154"]
[Annotator "TA"]
[PlyCount "47"]
[EventDate "2021.01.18"]
[EventType "team-tourn"]
[EventCountry "GER"]
[SourceTitle "playchess.com"]
[Source "ChessBase"]
[SourceQuality "1"]

1. e4 c5 2. Nf3 e6 3. c3 d5 4. exd5 exd5 5. d4 Nf6 6. Bb5+ Bd7 7. Qe2+ Be7 8. dxc5 O-O 9. Be3 Re8 10. b4 Ng4 11. O-O Bf6 12. Bxd7 Nxd7 13. Qd2 Nxe3 14. fxe3 a5 15. Nd4 Ne5 16. Re1 axb4 17. cxb4 Nc4 18. Qd3 Bg5 19. Nc2 Qf6 20. Nc3 Nb2 21. Qd2 Nc4 22. Qd3 Nb2 23. Qd2 Nc4 24. Qd3 1/2-1/2

[Event "DSOL 2021"]
[Site "Germany"]
[Date "2021.02.23"]
[Round "4.3"]
[White "Dzierzenga, Stefan"]
[Black "Rosin, Thomas"]
[Result "1/2-1/2"]
[WhiteElo "2200"]
[BlackElo "1958"]
[Annotator "ChessBase"]
[PlyCount "29"]
[EventDate "2021.01.18"]
[EventType "team-tourn"]
[EventCountry "GER"]
[SourceTitle "playchess.com"]
[Source "ChessBase"]
[SourceQuality "1"]

1. e4 c6 2. Ne2 d5 3. e5 c5 4. b4 Nc6 5. bxc5 Nxe5 6. d4 Nc6 7. Ng3 Nf6 8. Be2 g6 9. O-O Bg7 10. Be3 O-O 11. Nd2 b6 12. Nb3 Bd7 13. Rc1 h5 14. h4 Ng4 15. Bxg4 1/2-1/2

[Event "DSOL 2021"]
[Site "Germany"]
[Date "2021.02.26"]
[Round "4.3"]
[White "Bilek, Michael"]
[Black "Trzaska, Peter"]
[Result "0-1"]
[WhiteElo "2167"]
[BlackElo "2093"]
[Annotator "TA"]
[PlyCount "108"]
[EventDate "2021.01.18"]
[EventType "team-tourn"]
[EventCountry "GER"]
[SourceTitle "playchess.com"]
[Source "ChessBase"]
[SourceQuality "1"]
[WhiteTeam "SG Arnstadt-Stadtilm"]
[BlackTeam "SV Erkenschwick I"]

1. d4 d5 2. Nf3 c6 3. e3 Bf5 4. Bd3 e6 5. O-O Bxd3 6. Qxd3 Nf6 7. c4 Nbd7 8. Nc3 Be7 9. e4 dxe4 10. Nxe4 Nxe4 11. Qxe4 Nf6 12. Qe2 O-O 13. Rd1 Qc7 14. Bg5 Rfe8 15. Rd3 h6 16. Bh4 Nh5 17. Bg3 Nxg3 18. hxg3 Bf6 19. Rad1 Rad8 20. b3 c5 21. Qe4 cxd4 22. Nxd4 Bxd4 23. Rxd4 Rxd4 24. Qxd4 b6 25. Qd7 Rc8 26. Qxc7 Rxc7 27. Rd8+ Kh7 28. Kf1 Kg6 29. Ke2 b5 30. cxb5 Kf5 31. Kd2 h5 32. a4 g6 33. Rd3 e5 34. Rc3 Rd7+ 35. Kc2 f6 36. Rc6 g5 37. a5 Rd5 38. b6 Rxa5 39. b4 Ra6 40. Kb3 Rxb6 41. Rxb6 axb6 42. Kc4 e4 43. Kb5 g4 44. Kxb6 h4 45. gxh4 g3 46. fxg3 e3 47. Kc7 e2 48. b5 e1=Q 49. b6 Qxg3+ 50. Kc8 Qc3+ 51. Kb8 Qe5+ 52. Kb7 Qd5+ 53. Ka7 Qxg2 54. b7 Qa2+ 0-1

[Event "DSOL 2021"]
[Site "Germany"]
[Date "2021.02.22"]
[Round "4.3"]
[White "Dunsbach, Ralf"]
[Black "BurhanudinMisini"]
[Result "1/2-1/2"]
[WhiteElo "2142"]
[BlackElo "1769"]
[Annotator "TA"]
[PlyCount "37"]
[EventDate "2021.01.18"]
[EventType "team-tourn"]
[EventCountry "GER"]
[SourceTitle "playchess.com"]
[Source "ChessBase"]
[SourceQuality "1"]

1. c4 e5 2. g3 Nf6 3. Bg2 c6 4. d4 exd4 5. Qxd4 d5 6. Nf3 c5 7. Qe5+ Be7 8. cxd5 Qxd5 9. Nc3 Qd8 10. Bf4 Nc6 11. Qc7 O-O 12. Qxd8 Rxd8 13. O-O Be6 14. Rfd1 Nd5 15. Nxd5 Rxd5 16. Nd2 Rd7 17. Bxc6 bxc6 18. Nb3 Rb7 19. Bd6 1/2-1/2

[Event "DSOL 2021"]
[Site "Germany"]
[Date "2021.02.24"]
[Round "4.3"]
[White "Orsolic, Marijan"]
[Black "Stephan, Victor"]
[Result "1/2-1/2"]
[WhiteElo "2136"]
[BlackElo "2430"]
[Annotator "TA"]
[PlyCount "136"]
[EventDate "2021.01.18"]
[EventType "team-tourn"]
[EventCountry "GER"]
[SourceTitle "playchess.com"]
[Source "ChessBase"]
[SourceQuality "1"]

1. c4 e6 2. g3 f5 3. Bg2 Nf6 4. Nc3 Bb4 5. a3 Bxc3 6. dxc3 O-O 7. Nf3 d6 8. O-O Nc6 9. h3 e5 10. Ne1 Be6 11. Bd5 Qd7 12. Ng2 Ne4 13. Qc2 Kh8 14. Kh2 Qf7 15. Bxe6 Qxe6 16. b3 Rae8 17. Be3 a5 18. a4 Qg6 19. Nh4 Qh5 20. Rae1 Ng5 21. Bxg5 Qxg5 22. Nf3 Qh5 23. Nh4 Rf6 24. e3 e4 25. Qd1 Qh6 26. Qd5 Ne5 27. Qxb7 g5 28. f4 exf3 29. Nxf3 Ng4+ 30. Kg2 Nxe3+ 31. Rxe3 Rxe3 32. Rf2 g4 33. hxg4 fxg4 34. Qc8+ Qf8 35. Qxg4 Rxc3 36. Qd4 Rcxf3 37. Rxf3 Kg7 38. Qg4+ Kh6 39. Qh4+ Kg7 40. Qg5+ Rg6 41. Rxf8 Rxg5 42. Rc8 Rc5 43. Kf3 Kf6 44. Ke4 h5 45. Kd4 Kf5 46. Rg8 Re5 47. Rg7 Rc5 48. Rg8 Kf6 49. Rb8 Rg5 50. Rf8+ Ke6 51. Rf3 Rg4+ 52. Kc3 Ke5 53. Rd3 c5 54. Rd5+ Ke6 55. Rxh5 Rxg3+ 56. Kb2 Rg2+ 57. Ka3 Rd2 58. Rh8 Ke5 59. Ra8 Kd4 60. Rh8 Kc3 61. Rh3+ Kc2 62. Rh1 Rd3 63. Rh2+ Kc3 64. Rg2 Rd1 65. Rg3+ Kc2 66. Rg2+ Kc3 67. Rg3+ Kc2 68. Rg2+ Kc3 1/2-1/2

[Event "DSOL 2021"]
[Site "Germany"]
[Date "2021.02.25"]
[Round "4.3"]
[White "Nguyen Luu, Truong-Son"]
[Black "Bildat, Emilia"]
[Result "1/2-1/2"]
[WhiteElo "2133"]
[BlackElo "1852"]
[Annotator "TA"]
[PlyCount "66"]
[EventDate "2021.01.18"]
[EventType "team-tourn"]
[EventCountry "GER"]
[SourceTitle "playchess.com"]
[Source "ChessBase"]
[SourceQuality "1"]

1. d4 Nf6 2. c4 e6 3. Nc3 Bb4 4. Qc2 O-O 5. Nf3 d5 6. e3 c5 7. Bd3 h6 8. O-O Bxc3 9. bxc3 Nbd7 10. Ba3 b6 11. cxd5 exd5 12. Rfd1 c4 13. Bf5 Re8 14. Bd6 Ne4 15. Bxe4 dxe4 16. Nd2 b5 17. Nxe4 Nb6 18. Be5 Bf5 19. f3 Nd5 20. Qd2 Bxe4 21. fxe4 Nb6 22. Qf2 f6 23. Bg3 Rxe4 24. Qf3 Qe7 25. Be5 f5 26. Qxf5 Rxe3 27. Re1 Rxe1+ 28. Rxe1 Rf8 29. Qc2 Nd5 30. Bg3 Qf7 31. Bd6 Re8 32. Rxe8+ Qxe8 33. Be5 Qe6 1/2-1/2

[Event "DSOL 2021"]
[Site "Germany"]
[Date "2021.02.26"]
[Round "4.3"]
[White "Haas, Frank-Martin"]
[Black "Sonnenschein, Philipp"]
[Result "1/2-1/2"]
[WhiteElo "2118"]
[BlackElo "2149"]
[Annotator "TA"]
[PlyCount "52"]
[EventDate "2021.01.18"]
[EventType "team-tourn"]
[EventCountry "GER"]
[SourceTitle "playchess.com"]
[Source "ChessBase"]
[SourceQuality "1"]
[WhiteTeam "SV Walldorf I"]
[BlackTeam "SV Dinslaken"]

1. e4 c6 2. d4 d5 3. exd5 cxd5 4. c4 Nf6 5. Nc3 Nc6 6. Nf3 g6 7. cxd5 Nxd5 8. Qb3 Nxc3 9. bxc3 Bg7 10. Bf4 O-O 11. Be2 b6 12. O-O Be6 13. Qa4 Na5 14. Rac1 a6 15. c4 Nxc4 16. Bxc4 b5 17. Bxb5 axb5 18. Qxb5 Rxa2 19. Rfe1 Bxd4 20. Nxd4 Qxd4 21. Be3 Qg4 22. h3 Qa4 23. Qe5 Qa5 24. Bc5 Rc8 25. Qg5 Rc2 26. Bxe7 Qxg5 1/2-1/2

[Event "DSOL 2021"]
[Site "Germany"]
[Date "2021.02.23"]
[Round "4.3"]
[White "Cuadrado, Guillermo"]
[Black "Dittmann, Tobias"]
[Result "1-0"]
[WhiteElo "2114"]
[BlackElo "1871"]
[Annotator "ChessBase"]
[PlyCount "81"]
[EventDate "2021.01.18"]
[EventType "team-tourn"]
[EventCountry "GER"]
[SourceTitle "playchess.com"]
[Source "ChessBase"]
[SourceQuality "1"]

1. d4 d5 2. Bf4 Nf6 3. e3 Bf5 4. c4 c6 5. Nc3 e6 6. Qb3 Qb6 7. c5 Qxb3 8. axb3 Nbd7 9. b4 Nh5 10. Bc7 Rc8 11. Be5 a6 12. f3 Nhf6 13. g4 Bg6 14. Bf4 Be7 15. h4 h5 16. g5 Nh7 17. Bh3 Nhf8 18. Nge2 f6 19. e4 Kf7 20. Rg1 Re8 21. Be3 Bd8 22. Kd2 fxg5 23. Bxg5 Bxg5+ 24. Rxg5 Nf6 25. Rag1 Rg8 26. Nf4 Bh7 27. e5 N6d7 28. Nxh5 Ng6 29. f4 Nxh4 30. Rxg7+ Kf8 31. R1g4 Rxg7 32. Nxg7 Re7 33. Nxe6+ Rxe6 34. Rxh4 Re7 35. f5 Nb8 36. f6 Rc7 37. e6 Bg8 38. Rh8 Rh7 39. e7+ Kf7 40. Rxg8 Kxg8 41. e8=Q# 1-0

[Event "DSOL 2021"]
[Site "Germany"]
[Date "2021.02.26"]
[Round "4.3"]
[White "Gallasch, Jonas"]
[Black "Wilde, Pierre"]
[Result "1/2-1/2"]
[WhiteElo "2112"]
[BlackElo "1676"]
[Annotator "TA"]
[PlyCount "51"]
[EventDate "2021.01.18"]
[EventType "team-tourn"]
[EventCountry "GER"]
[SourceTitle "playchess.com"]
[Source "ChessBase"]
[SourceQuality "1"]
[WhiteTeam "SG Porz I"]
[BlackTeam "SK Münster"]

1. d4 e6 2. c4 Nf6 3. Nf3 b6 4. g3 Bb7 5. Bg2 Be7 6. O-O O-O 7. d5 Na6 8. Nc3 Bb4 9. Nd4 Bxc3 10. bxc3 Nc5 11. Nb3 Qe7 12. Ba3 d6 13. Bxc5 dxc5 14. dxe6 Bxg2 15. exf7+ Qxf7 16. Kxg2 Qxc4 17. Qd3 Qxd3 18. exd3 Rad8 19. d4 Ne4 20. dxc5 Nxc3 21. Rac1 Rd3 22. Rc2 Nxa2 23. Rxa2 Rxb3 24. Rxa7 bxc5 25. Rxc7 Rc3 26. f4 1/2-1/2

[Event "DSOL 2021"]
[Site "Germany"]
[Date "2021.02.26"]
[Round "4.3"]
[White "Schubert, Ralf"]
[Black "Hillebrand, Philipp"]
[Result "1/2-1/2"]
[WhiteElo "2107"]
[BlackElo "1907"]
[Annotator "TA"]
[PlyCount "36"]
[EventDate "2021.01.18"]
[EventType "team-tourn"]
[EventCountry "GER"]
[SourceTitle "playchess.com"]
[Source "ChessBase"]
[SourceQuality "1"]
[WhiteTeam "SK Dessau I"]
[BlackTeam "SG Osnabrück"]

1. d4 Nf6 2. Nc3 d6 3. e4 e5 4. dxe5 dxe5 5. Qxd8+ Kxd8 6. Bc4 Bb4 7. Bd2 Be6 8. Bxe6 fxe6 9. O-O-O Ke7 10. f3 Nbd7 11. Nge2 Bd6 12. Nb5 a6 13. Nxd6 cxd6 14. Bb4 Nc5 15. Rd2 Rac8 16. Nc3 Rhd8 17. Rhd1 b6 18. a4 Rd7 1/2-1/2

[Event "DSOL 2021"]
[Site "Germany"]
[Date "2021.02.24"]
[Round "4.3"]
[White "Koehler, Eckart"]
[Black "Rose, Daniel"]
[Result "1-0"]
[WhiteElo "2090"]
[BlackElo "1816"]
[Annotator "TA"]
[PlyCount "113"]
[EventDate "2021.01.18"]
[EventType "team-tourn"]
[EventCountry "GER"]
[SourceTitle "playchess.com"]
[Source "ChessBase"]
[SourceQuality "1"]

1. d4 e6 2. Bf4 Nc6 3. e3 Nf6 4. Nf3 b6 5. Be2 Bb7 6. c4 d5 7. O-O Bd6 8. cxd5 exd5 9. Bg5 O-O 10. Nc3 Be7 11. Rc1 Ne4 12. Bf4 Rc8 13. Nxe4 dxe4 14. Nd2 Na5 15. Nb3 Nxb3 16. Qxb3 Bd6 17. Bxd6 Qxd6 18. Rfd1 Bd5 19. Bc4 Rfd8 20. Bxd5 Qxd5 21. Qxd5 Rxd5 22. Rc6 Kf8 23. Rdc1 Rd7 24. g4 Ke7 25. Kg2 f6 26. h4 Kd8 27. Kg3 Re7 28. Kf4 Kd7 29. d5 Re5 30. d6 Rc5 31. R1xc5 bxc5 32. Rxc7+ Rxc7 33. dxc7 Kxc7 34. Kxe4 Kd6 35. f4 g6 36. Kd3 Kd5 37. e4+ Kd6 38. Kc4 a6 39. a4 h6 40. b4 cxb4 41. Kxb4 Kc6 42. Ka5 Kc5 43. Kxa6 Kd4 44. Kb5 Kxe4 45. a5 Kxf4 46. a6 Kxg4 47. a7 Kxh4 48. a8=Q f5 49. Qh1+ Kg5 50. Qg2+ Kf6 51. Kc5 f4 52. Kd4 g5 53. Qg4 Kg6 54. Ke4 h5 55. Qf5+ Kh6 56. Qf6+ Kh7 57. Kf5 1-0

[Event "DSOL 2021"]
[Site "Germany"]
[Date "2021.02.25"]
[Round "4.3"]
[White "Berndt, Matthias"]
[Black "Vandre, Wolfgang"]
[Result "1/2-1/2"]
[WhiteElo "2072"]
[BlackElo "2112"]
[Annotator "TA"]
[PlyCount "89"]
[EventDate "2021.01.18"]
[EventType "team-tourn"]
[EventCountry "GER"]
[SourceTitle "playchess.com"]
[Source "ChessBase"]
[SourceQuality "1"]

1. e4 c5 2. Nc3 d6 3. g3 g6 4. Bg2 Bg7 5. d3 Nc6 6. Be3 Rb8 7. Qd2 b5 8. f4 b4 9. Nd1 e6 10. Nf3 Nge7 11. O-O O-O 12. h3 Nd4 13. g4 f5 14. c3 Nxf3+ 15. Bxf3 bxc3 16. bxc3 Qa5 17. Rc1 Ba6 18. c4 Qa3 19. Rf2 Rb6 20. gxf5 exf5 21. Rc2 Nc6 22. exf5 Nb4 23. fxg6 Nxc2 24. gxh7+ Kh8 25. Qxc2 Bb7 26. Be4 Qb4 27. Kg2 Qb1 28. Kf3 Re8 29. Rg2 Rb4 30. Qxb1 Rxb1 31. Bxb7 Rxb7 32. Rc2 Bd4 33. Bxd4+ cxd4 34. f5 Re5 35. Nf2 Rxh7 36. Kf4 Rh4+ 37. Kg5 Rh7 38. Rb2 Rf7 39. Ne4 Rfxf5+ 40. Kg4 Rf1 41. Rb7 Rg1+ 42. Kf4 Rf1+ 43. Kg4 Rg1+ 44. Kf4 Rf1+ 45. Kg4 1/2-1/2

[Event "DSOL 2021"]
[Site "Germany"]
[Date "2021.02.24"]
[Round "4.3"]
[White "Giraud, Valerian"]
[Black "Schulz, Michael"]
[Result "1/2-1/2"]
[WhiteElo "2064"]
[BlackElo "2168"]
[Annotator "TA"]
[PlyCount "57"]
[EventDate "2021.01.18"]
[EventType "team-tourn"]
[EventCountry "GER"]
[SourceTitle "playchess.com"]
[Source "ChessBase"]
[SourceQuality "1"]

1. e4 g6 2. Nc3 Bg7 3. f4 c6 4. Bc4 b5 5. Bb3 a5 6. a3 Nh6 7. Nf3 O-O 8. O-O e6 9. d3 d5 10. Qe1 f5 11. exd5 exd5 12. Be3 Re8 13. Ne5 Nf7 14. Nxf7 Kxf7 15. Qf2 Be6 16. Bd4 Nd7 17. Rae1 Bxd4 18. Qxd4 Qb6 19. Qxb6 Nxb6 20. d4 Nc4 21. Bxc4 dxc4 22. Re5 Rad8 23. Rd1 Bd5 24. Rde1 Rxe5 25. Rxe5 Be6 26. Ne2 Bd5 27. Nc3 Be6 28. Ne2 Bd5 29. Nc3 1/2-1/2

[Event "DSOL 2021"]
[Site "Germany"]
[Date "2021.02.25"]
[Round "4.3"]
[White "Kramer, Kurt Melik"]
[Black "Dornieden, Jonas"]
[Result "1/2-1/2"]
[WhiteElo "2049"]
[BlackElo "2079"]
[Annotator "TA"]
[PlyCount "69"]
[EventDate "2021.01.18"]
[EventType "team-tourn"]
[EventCountry "GER"]
[SourceTitle "playchess.com"]
[Source "ChessBase"]
[SourceQuality "1"]

1. d4 d5 2. Bf4 Nf6 3. e3 Bf5 4. c4 c6 5. Qb3 Qb6 6. c5 Qxb3 7. axb3 Nbd7 8. Nc3 e5 9. Bg3 Nh5 10. Bxe5 Nxe5 11. dxe5 g5 12. b4 Ng7 13. Nf3 h6 14. Nd4 Kd7 15. Kd2 a6 16. Bd3 Bxd3 17. Kxd3 Re8 18. f4 Ne6 19. g3 f6 20. exf6 Nxd4 21. Kxd4 Re6 22. e4 Rxf6 23. e5 Rf5 24. Raf1 Bg7 25. Ne2 Rhf8 26. Re1 h5 27. Kd3 gxf4 28. gxf4 Bh6 29. e6+ Ke7 30. Rhg1 R5f6 31. Nd4 Rxf4 32. Rg6 R4f6 33. Rxf6 Rxf6 34. Rg1 Rf2 35. h4 1/2-1/2

[Event "DSOL 2021"]
[Site "Germany"]
[Date "2021.02.24"]
[Round "4.3"]
[White "Richter, Jan"]
[Black "Probst, Alexander"]
[Result "1-0"]
[WhiteElo "2048"]
[BlackElo "1891"]
[Annotator "TA"]
[PlyCount "115"]
[EventDate "2021.01.18"]
[EventType "team-tourn"]
[EventCountry "GER"]
[SourceTitle "playchess.com"]
[Source "ChessBase"]
[SourceQuality "1"]

1. Nf3 Nf6 2. g3 d5 3. Bg2 c6 4. c4 e6 5. O-O Be7 6. d4 O-O 7. Nbd2 Nbd7 8. Qc2 b6 9. e4 dxe4 10. Nxe4 Bb7 11. Rd1 Nxe4 12. Qxe4 Nf6 13. Qe2 Qc7 14. Bf4 Bd6 15. Ne5 Nd7 16. Nxd7 Qxd7 17. Bxd6 Qxd6 18. Rac1 Rfd8 19. c5 Qd7 20. h4 Rac8 21. h5 Qe7 22. b4 Qf6 23. Qe5 b5 24. Qe4 a5 25. a4 Ba6 26. axb5 Bxb5 27. bxa5 Rd5 28. Qe3 Rxh5 29. Ra1 Rd8 30. a6 Ra8 31. a7 Qe7 32. Qa3 Qc7 33. Qa5 Qxa5 34. Rxa5 Rd5 35. Bxd5 exd5 36. Re1 Kf8 37. Kg2 f6 38. Kf3 Kf7 39. Re3 h5 40. Kf4 g6 41. g4 hxg4 42. Kxg4 Bf1 43. f4 Bb5 44. Rh3 Kg7 45. Kf3 Bd3 46. Ke3 Bb5 47. Kd2 g5 48. Rg3 Kg6 49. Ke3 Kf5 50. fxg5 fxg5 51. Kf3 g4+ 52. Kg2 Kf4 53. Rb3 Ke4 54. Rbxb5 cxb5 55. c6 Kxd4 56. c7 b4 57. Rb5 Rxa7 58. c8=Q 1-0

[Event "DSOL 2021"]
[Site "Germany"]
[Date "2021.02.25"]
[Round "4.3"]
[White "Beckmann, David"]
[Black "Topalov, Mihail"]
[Result "1-0"]
[WhiteElo "2025"]
[BlackElo "1935"]
[Annotator "TA"]
[PlyCount "65"]
[EventDate "2021.01.18"]
[EventType "team-tourn"]
[EventCountry "GER"]
[SourceTitle "playchess.com"]
[Source "ChessBase"]
[SourceQuality "1"]

1. Nf3 Nf6 2. d4 g6 3. g3 Bg7 4. Bg2 O-O 5. O-O d5 6. b3 Nbd7 7. Bb2 Re8 8. Nbd2 c5 9. c4 cxd4 10. cxd5 Nxd5 11. Nxd4 N7f6 12. Nc4 e5 13. Nb5 e4 14. Nbd6 Re6 15. Nxc8 Rxc8 16. Bh3 Rec6 17. Bxc8 Qxc8 18. Kg2 h5 19. Ne5 Re6 20. Rc1 Qe8 21. Nc4 b5 22. Bxf6 Bxf6 23. Qxd5 bxc4 24. Rxc4 h4 25. Rfc1 Kg7 26. Rc8 Qe7 27. R1c7 Qd6 28. Qxd6 Rxd6 29. Rxa7 Bd4 30. Ra4 hxg3 31. hxg3 e3 32. fxe3 Bxe3 33. Kf3 1-0

[Event "DSOL 2021"]
[Site "Germany"]
[Date "2021.02.25"]
[Round "4.3"]
[White "Gremmel, Jonas Simon"]
[Black "Jagodzinsky, Andreas"]
[Result "0-1"]
[WhiteElo "2021"]
[BlackElo "2147"]
[Annotator "TA"]
[PlyCount "70"]
[EventDate "2021.01.18"]
[EventType "team-tourn"]
[EventCountry "GER"]
[SourceTitle "playchess.com"]
[Source "ChessBase"]
[SourceQuality "1"]

1. d4 d5 2. Nf3 Nf6 3. e3 c6 4. b3 Bf5 5. Bb2 e6 6. Bd3 Bxd3 7. Qxd3 Nbd7 8. Nbd2 Be7 9. O-O O-O 10. c4 c5 11. Rfd1 Qb6 12. Rac1 Qa6 13. Qb1 Rac8 14. cxd5 Nxd5 15. Nc4 b5 16. Nce5 Nxe5 17. Nxe5 c4 18. bxc4 bxc4 19. Bc3 Ba3 20. Rc2 Rfd8 21. e4 Rb8 22. Qa1 Qa4 23. exd5 Qxc2 24. dxe6 fxe6 25. Nxc4 Bb2 26. Bxb2 Qxc4 27. h3 Qc2 28. Ba3 Rd5 29. Re1 Rdb5 30. Qc1 Qxc1 31. Bxc1 Rb1 32. Kf1 Rc8 33. Bd2 Rxe1+ 34. Kxe1 Rc4 35. Be3 Ra4 0-1

[Event "DSOL 2021"]
[Site "Germany"]
[Date "2021.02.24"]
[Round "4.3"]
[White "Ohler, Julius"]
[Black "Ottway, Christopher"]
[Result "1-0"]
[WhiteElo "2010"]
[BlackElo "1979"]
[Annotator "TA"]
[PlyCount "143"]
[EventDate "2021.01.18"]
[EventType "team-tourn"]
[EventCountry "GER"]
[SourceTitle "playchess.com"]
[Source "ChessBase"]
[SourceQuality "1"]

1. d4 g6 2. c4 Bg7 3. Nc3 d6 4. e4 Nc6 5. Nf3 e5 6. d5 Nce7 7. Be2 f5 8. h3 Nf6 9. Bd3 O-O 10. Bg5 h6 11. Bxf6 Bxf6 12. Qd2 Kh7 13. a3 Bg7 14. Qc2 f4 15. Nd2 Ng8 16. Nb3 Qg5 17. f3 Qg3+ 18. Qf2 h5 19. h4 Qxf2+ 20. Kxf2 b6 21. Nd2 Bd7 22. b4 Nf6 23. Nb3 Rg8 24. Rab1 Bh6 25. c5 g5 26. hxg5 Rxg5 27. Bb5 a6 28. Bxd7 Nxd7 29. cxd6 cxd6 30. Rbc1 Rag8 31. Rh2 Rc8 32. Rhh1 Rcg8 33. Rhg1 Bf8 34. Ne2 Be7 35. Rc7 Rd8 36. Rgc1 Rg7 37. Rh1 Kh6 38. g3 Bg5 39. gxf4 Bxf4 40. Nxf4 exf4 41. Nd4 Rf7 42. Nf5+ Rxf5 43. exf5 Nf6 44. Rd1 Kg5 45. Rc6 Kxf5 46. Rxb6 h4 47. Rxa6 Nh5 48. Rh1 Kg5 49. Ra7 Ng3 50. Rh3 Re8 51. Rh2 Re2+ 52. Kg1 Re1+ 53. Kg2 Nf5 54. Ra8 Rd1 55. Rh1 Rxd5 56. a4 Rd2+ 57. Kh3 Rf2 58. Rg1+ Ng3 59. Rg8+ Kf5 60. Rc1 Nf1 61. Rg2 Rxf3+ 62. Kxh4 Ne3 63. Rg8 Rf2 64. Rf8+ Ke6 65. a5 Rh2+ 66. Kg5 Rg2+ 67. Kxf4 Rf2+ 68. Kxe3 Rxf8 69. a6 Ra8 70. b5 Kd5 71. Rc7 Ke6 72. a7 1-0

[Event "DSOL 2021"]
[Site "Germany"]
[Date "2021.02.26"]
[Round "4.3"]
[White "Lenhardt, Manfred"]
[Black "Schubert, Martin"]
[Result "1/2-1/2"]
[WhiteElo "2006"]
[BlackElo "1921"]
[Annotator "TA"]
[PlyCount "54"]
[EventDate "2021.01.18"]
[EventType "team-tourn"]
[EventCountry "GER"]
[SourceTitle "playchess.com"]
[Source "ChessBase"]
[SourceQuality "1"]
[WhiteTeam "SC Weisse Dame"]
[BlackTeam "SF Pfullingen I"]

1. d4 Nf6 2. Nf3 c5 3. e3 g6 4. Be2 Bg7 5. dxc5 Na6 6. O-O O-O 7. c4 Nxc5 8. Nc3 d6 9. Bd2 Bd7 10. Rc1 Rc8 11. Nd4 Bc6 12. Nxc6 bxc6 13. b4 Nce4 14. Bf3 d5 15. Nxe4 Nxe4 16. Bxe4 dxe4 17. Bc3 Qxd1 18. Rfxd1 Bxc3 19. Rxc3 Rfd8 20. Rxd8+ Rxd8 21. g4 Rb8 22. Rb3 a6 23. Kg2 Kg7 24. Kg3 g5 25. a4 Kf6 26. h4 h6 27. hxg5+ hxg5 1/2-1/2